[Event "WC-2015-P-00016"]
[Site "LSS email"]
[Date "2011.02.20"]
[Round "?"]
[White "Jonovic, Pavle"]
[Black "Lychev, Vassily"]
[Result "1-0"]
[WhiteElo "1844"]
[BlackElo "1531"]
[PlyCount "91"]
[EventDate "2011.02.24"]
[EventType "tourn (corr)"]
[EventRounds "6"]
[EventCountry "GER"]
[SourceTitle "Telechess CBM 155"]
[Source "ChessBase"]
[SourceDate "2013.07.16"]
[SourceVersion "1"]
[SourceVersionDate "2013.07.16"]
[SourceQuality "1"]

1. e4 c5 2. Nf3 d6 3. Nc3 Nf6 4. d4 cxd4 5. Nxd4 a6 6. h3 e6 7. Bd3 Nbd7 8. 0-0 Be7 9. Be3 Qc7 10. f4 b5 11. Qe2 Bb7 12. a3 0-0 13. Rac1 Nc5 14. Bd2 d5 15. e5 Nfe4 16. Bxe4 dxe4 17. Be3 Rfd8 18. Rfd1 Kh8 19. Kh1 Rac8 20. Qf2 Ba8 21. Rd2 Qb8 22. Rb1 g6 23. Rdd1 Qb7 24. Ra1 Na4 25. Nxa4 bxa4 26. c3 Qb8 27. Qe2 Bd5 28. Rd2 Qb7 29. Qd1 Qd7 30. Qe1 Qc7 31. Rad1 Qb7 32. Qg3 Bc4 33. Qf2 Rd5 34. Re1 Rb8 35. h4 h5 36. Rg1 Rg8 37. Qe1 Rg7 38. Bf2 Bd3 39. Qe3 Kg8 40. Re1 Kh7 41. Qg3 Rg8 42. Be3 Rb8 43. Rg1 Qd7 44. Qh3 Rh8 45. Rf2 Rd8 46. g4 1-0

[Event "IECC CL2-2007.06 email"]
[Site "IECC email"]
[Date "2007.04.02"]
[Round "?"]
[White "Jonovic, Pavle"]
[Black "Teixeira, Ricardo da Silva"]
[Result "1/2-1/2"]
[WhiteElo "1924"]
[BlackElo "2086"]
[PlyCount "92"]
[EventDate "2007.??.??"]
[EventType "tourn (corr)"]
[EventRounds "4"]
[SourceTitle "Corr 2011"]
[Source "ChessBase"]
[SourceDate "2010.08.31"]
[SourceVersion "1"]
[SourceVersionDate "2010.08.31"]
[SourceQuality "1"]
[WhiteTeam "Italy"]
[BlackTeam "Chile"]
[WhiteTeamCountry "ITA"]
[BlackTeamCountry "CHI"]

1. e4 c5 2. Nf3 Nc6 3. d4 cxd4 4. Nxd4 g6 5. Nc3 Bg7 6. Be3 Nf6 7. Nxc6 bxc6 8. Be2 d5 9. e5 Nd7 10. f4 0-0 11. 0-0 e6 12. Na4 f6 13. exf6 Qxf6 14. c3 Qe7 15. Qd2 e5 16. Rae1 Qh4 17. b4 Kh8 18. g3 Qe7 19. Nc5 exf4 20. gxf4 a5 21. Bd4 Bxd4+ 22. Qxd4+ Qf6 23. Ne6 Qxd4+ 24. Nxd4 axb4 25. cxb4 Rxa2 26. Nxc6 Nb6 27. Bd3 Rd2 28. Ne5 d4 29. Be4 Rb2 30. Nc6 Bd7 31. Ne5 Bb5 32. Rb1 Ra2 33. Rf3 Na4 34. Bd5 Rd2 35. Rh3 Kg7 36. Nf3 Rd3 37. Re1 Re8 38. Rxe8 Bxe8 39. Kg2 Nb2 40. Rg3 Nd1 41. Bb7 Kf6 42. b5 Bxb5 43. Be4 Re3 44. Nxd4 Rxe4 45. Nb3 Rxf4 46. Rd3 Nb2 1/2-1/2

[Event "IECC CL2-2007.06 email"]
[Site "IECC email"]
[Date "2007.04.02"]
[Round "?"]
[White "Louro, Eugenio Diogo"]
[Black "Jonovic, Pavle"]
[Result "0-1"]
[WhiteElo "2130"]
[BlackElo "1866"]
[PlyCount "36"]
[EventDate "2007.??.??"]
[EventType "tourn (corr)"]
[EventRounds "4"]
[SourceTitle "Corr 2011"]
[Source "ChessBase"]
[SourceDate "2010.08.31"]
[SourceVersion "1"]
[SourceVersionDate "2010.08.31"]
[SourceQuality "1"]
[WhiteTeam "Italy"]
[BlackTeam "Chile"]
[WhiteTeamCountry "ITA"]
[BlackTeamCountry "CHI"]

1. e4 e5 2. f4 exf4 3. Bc4 Qh4+ 4. Kf1 d6 5. d4 Nc6 6. Nf3 Bg4 7. c3 Qf6 8. Bb3 0-0-0 9. Bxf7 Qxf7 10. d5 Nge7 11. Qd4 Kb8 12. Ng5 Qh5 13. Bxf4 h6 14. Ne6 Bxe6 15. dxe6 Ng6 16. Qd3 Be7 17. Bg3 Bh4 18. Nd2 Rhf8+ 0-1

[Event "IECG TE.2003.S.02011 email"]
[Site "IECG email"]
[Date "2005.12.19"]
[Round "?"]
[White "Jonovic, Pavle"]
[Black "Orlando Manuel, Stable Rodr"]
[Result "1-0"]
[WhiteElo "1801"]
[BlackElo "1669"]
[PlyCount "25"]
[EventDate "2005.12.19"]
[EventType "tourn (corr)"]
[EventRounds "12"]
[SourceTitle "Corr 2024"]
[Source "ChessBase"]
[SourceDate "2023.10.19"]
[SourceVersion "1"]
[SourceVersionDate "2023.10.19"]
[SourceQuality "1"]

1. e4 e5 2. Nf3 Nc6 3. c3 Nf6 4. d4 Nxe4 5. d5 Ne7 6. Nxe5 Ng6 7. Qe2 Qe7 8. Qxe4 Qxe5 9. Qxe5+ Nxe5 10. Bf4 d6 11. Nd2 Be7 12. 0-0-0 0-0 13. Re1 1-0

[Event "IECG TE.2003.S.02011 email"]
[Site "IECG email"]
[Date "2005.12.19"]
[Round "?"]
[White "Jonovic, Pavle"]
[Black "Vasquez, Fernando Jose Pinto"]
[Result "0-1"]
[WhiteElo "1801"]
[BlackElo "1000"]
[PlyCount "54"]
[EventDate "2005.12.19"]
[EventType "tourn (corr)"]
[EventRounds "12"]
[SourceTitle "Corr 2008"]
[Source "ChessBase"]
[SourceDate "2008.06.24"]
[SourceVersion "1"]
[SourceVersionDate "2008.06.24"]
[SourceQuality "1"]

1. e4 e5 2. Nf3 Nc6 3. c3 Nf6 4. d4 Nxe4 5. d5 Nb8 6. Qe2 Nf6 7. Qxe5+ Be7 8. d6 cxd6 9. Qg3 0-0 10. Bd3 d5 11. Bh6 Ne8 12. 0-0 Qb6 13. Bc1 d6 14. Re1 Nc6 15. Re2 Nf6 16. Qh4 Ne4 17. Qh5 Ne5 18. Nxe5 dxe5 19. Bxe4 dxe4 20. Rxe4 Bc5 21. Qe2 Bf5 22. Rxe5 Rad8 23. Nd2 Bd3 24. Qf3 Rfe8 25. Qg3 Bxf2+ 26. Qxf2 Qxf2+ 27. Kxf2 Rxe5 0-1

[Event "IECG TE.2004.S.01601"]
[Site "IECG email"]
[Date "2005.11.27"]
[Round "?"]
[White "Geiger, Walter"]
[Black "Jonovic, Pavle"]
[Result "1/2-1/2"]
[WhiteElo "2051"]
[BlackElo "1801"]
[PlyCount "77"]
[EventDate "2005.11.27"]
[EventType "tourn (corr)"]
[EventRounds "8"]
[SourceTitle "Corr 2008"]
[Source "ChessBase"]
[SourceDate "2008.06.24"]
[SourceVersion "1"]
[SourceVersionDate "2008.06.24"]
[SourceQuality "1"]

1. e4 c6 2. d4 d5 3. e5 Bf5 4. Nf3 e6 5. Be2 c5 6. Be3 Qb6 7. Nc3 Nc6 8. Bb5 a6 9. Bxc6+ Qxc6 10. 0-0 Bg4 11. dxc5 Bxc5 12. Bxc5 Qxc5 13. Qd4 Qxd4 14. Nxd4 Ne7 15. f3 Bf5 16. g4 Bg6 17. f4 Rc8 18. Rad1 Rc4 19. f5 exf5 20. gxf5 Bh5 21. Rd2 Rg8 22. Rf4 f6 23. e6 g6 24. fxg6 f5 25. Kf2 hxg6 26. h4 g5 27. hxg5 Rxg5 28. Rh4 Ng6 29. Rh1 f4 30. Rh3 Ke7 31. Nce2 b5 32. b3 Rc8 33. a3 Kd6 34. Rc3 Rxc3 35. Nxc3 Ke5 36. Na2 Bg4 37. Nb4 Rh5 38. Nxa6 Rh2+ 39. Ke1 1/2-1/2

[Event "IECG TE.2004.S.01601"]
[Site "IECG email"]
[Date "2005.11.27"]
[Round "?"]
[White "Jonovic, Pavle"]
[Black "Hnatovsky, Nicholas"]
[Result "1/2-1/2"]
[WhiteElo "1801"]
[BlackElo "2350"]
[PlyCount "79"]
[EventDate "2005.11.27"]
[EventType "tourn (corr)"]
[EventRounds "8"]
[SourceTitle "Corr 2008"]
[Source "ChessBase"]
[SourceDate "2008.06.24"]
[SourceVersion "1"]
[SourceVersionDate "2008.06.24"]
[SourceQuality "1"]

1. e4 c6 2. d4 d5 3. e5 Bf5 4. Nc3 e6 5. g4 Bg6 6. h4 h5 7. g5 Bb4 8. Bd2 Nd7 9. Nge2 Ne7 10. Nf4 Ba5 11. Nxg6 fxg6 12. Bh3 Nf5 13. Bxf5 gxf5 14. Ne2 Bb6 15. a4 a5 16. c3 c5 17. Be3 cxd4 18. Bxd4 Rc8 19. 0-0 Kf7 20. Re1 Rc6 21. Bxb6 Rxb6 22. Nf4 Nf8 23. Qe2 Ng6 24. Nxg6 Kxg6 25. Red1 Rb3 26. Rd4 Qb6 27. Ra2 Rb4 28. Rxb4 axb4 29. a5 Qa6 30. Qxa6 bxa6 31. f4 Rb8 32. Ra4 bxc3 33. bxc3 Rb5 34. Kf2 Rc5 35. Ra3 Kf7 36. Rb3 Rxa5 37. Rb7+ Kf8 38. Rb8+ Kf7 39. Rb7+ Kf8 40. Rb8+ 1/2-1/2

[Event "IECG TE.2004.S.01601"]
[Site "IECG email"]
[Date "2005.11.27"]
[Round "?"]
[White "Jonovic, Pavle"]
[Black "Niewold, Jaap"]
[Result "1/2-1/2"]
[WhiteElo "1801"]
[BlackElo "1697"]
[PlyCount "51"]
[EventDate "2005.11.27"]
[EventType "tourn (corr)"]
[EventRounds "8"]
[SourceTitle "Corr 2008"]
[Source "ChessBase"]
[SourceDate "2008.06.24"]
[SourceVersion "1"]
[SourceVersionDate "2008.06.24"]
[SourceQuality "1"]

1. e4 c6 2. d4 d5 3. e5 Bf5 4. Nc3 Qb6 5. Nf3 e6 6. Be2 c5 7. dxc5 Bxc5 8. 0-0 Nc6 9. a3 Be4 10. Na4 Qa5 11. Bd2 Qxa4 12. b3 Qxa3 13. Rxa3 Bxa3 14. c3 Bxf3 15. gxf3 Bc5 16. b4 Bb6 17. f4 Nge7 18. Bd3 0-0 19. Qf3 Rfc8 20. Qh3 g6 21. Rc1 a5 22. bxa5 Nxa5 23. Rb1 Bd8 24. Qf1 Nc4 25. Bxc4 Rxc4 26. Rxb7 1/2-1/2

[Event "IECG TE.2004.S.01601"]
[Site "IECG email"]
[Date "2005.11.27"]
[Round "?"]
[White "Jonovic, Pavle"]
[Black "Stuart, Keith"]
[Result "1-0"]
[WhiteElo "1801"]
[BlackElo "1089"]
[PlyCount "79"]
[EventDate "2005.11.27"]
[EventType "tourn (corr)"]
[EventRounds "8"]
[SourceTitle "Corr 2008"]
[Source "ChessBase"]
[SourceDate "2008.06.24"]
[SourceVersion "1"]
[SourceVersionDate "2008.06.24"]
[SourceQuality "1"]

1. e4 c6 2. d4 d5 3. e5 Bf5 4. Nc3 e6 5. g4 Bg6 6. h4 h5 7. g5 Na6 8. Bxa6 bxa6 9. Nce2 Rb8 10. Nf4 Ne7 11. c3 Qb6 12. Nge2 Be4 13. Rh2 g6 14. Ng3 Bf5 15. Nxf5 Nxf5 16. Nd3 Bg7 17. Qe2 Qa5 18. Kf1 Qb5 19. Rh3 Rb6 20. b3 0-0 21. Ba3 Rfb8 22. Bc5 R6b7 23. Nb4 a5 24. Qxb5 cxb5 25. Nc6 Re8 26. Nxa5 Rc7 27. b4 Rec8 28. Nb3 Rc6 29. a4 bxa4 30. Rxa4 a6 31. Rh1 Bh8 32. Kg2 Kg7 33. Kh3 Ne7 34. Rha1 Nf5 35. Rxa6 Rxa6 36. Rxa6 Rb8 37. Na5 Kh7 38. Nc6 Rb7 39. Ra7 Rb5 40. Rxf7+ 1-0

[Event "IECG TE.2004.S.01601"]
[Site "IECG email"]
[Date "2005.11.27"]
[Round "?"]
[White "Niewold, Jaap"]
[Black "Jonovic, Pavle"]
[Result "1/2-1/2"]
[WhiteElo "1697"]
[BlackElo "1801"]
[PlyCount "64"]
[EventDate "2005.11.27"]
[EventType "tourn (corr)"]
[EventRounds "8"]
[SourceTitle "Corr 2008"]
[Source "ChessBase"]
[SourceDate "2008.06.24"]
[SourceVersion "1"]
[SourceVersionDate "2008.06.24"]
[SourceQuality "1"]

1. e4 c6 2. d4 d5 3. e5 Bf5 4. g4 Bd7 5. c3 c5 6. dxc5 e6 7. Be3 Qc7 8. Nf3 Bxc5 9. Bd3 Bb5 10. Na3 Bxd3 11. Bxc5 Qxc5 12. Qxd3 Ne7 13. Nb5 Ng6 14. Nd6+ Kf8 15. Qd4 Nd7 16. 0-0-0 Qc6 17. Kb1 Ndxe5 18. Nxe5 Qxd6 19. Nxg6+ hxg6 20. c4 Rd8 21. Qxa7 Rxh2 22. Qxb7 Rb8 23. Qa7 Rxh1 24. Rxh1 Kg8 25. Qd4 Qb4 26. Rc1 Rc8 27. b3 dxc4 28. Rxc4 Qe1+ 29. Kb2 Qe2+ 30. Ka1 Ra8 31. a4 Rb8 32. Rc5 Qf3 1/2-1/2

[Event "IECG TE.2005.P.01902"]
[Site "IECG email"]
[Date "2005.06.19"]
[Round "?"]
[White "Bartsch, Andreas"]
[Black "Jonovic, Pavle"]
[Result "1-0"]
[WhiteElo "2054"]
[BlackElo "1773"]
[PlyCount "49"]
[EventDate "2005.06.19"]
[EventType "tourn (corr)"]
[EventRounds "8"]
[SourceTitle "Corr 2008"]
[Source "ChessBase"]
[SourceDate "2008.06.24"]
[SourceVersion "1"]
[SourceVersionDate "2008.06.24"]
[SourceQuality "1"]

1. d4 d5 2. e4 dxe4 3. Bc4 Nf6 4. f3 Nc6 5. c3 e5 6. d5 Ne7 7. fxe4 Nxe4 8. Qe2 Nd6 9. Bb3 f6 10. c4 c6 11. Nc3 cxd5 12. cxd5 Nef5 13. Nf3 Be7 14. 0-0 Bd7 15. Qf2 Qc7 16. Bd2 Nc4 17. Ne4 Nfd6 18. Nc5 Rc8 19. Nxd7 Qxd7 20. Rac1 Ne4 21. Qe2 Nexd2 22. Nxd2 Bc5+ 23. Kh1 Nxd2 24. Qxd2 Rd8 25. Rxc5 1-0

[Event "IECG TE.2005.P.01902"]
[Site "IECG email"]
[Date "2005.06.19"]
[Round "?"]
[White "Geiger, Walter"]
[Black "Jonovic, Pavle"]
[Result "1-0"]
[WhiteElo "2067"]
[BlackElo "1773"]
[PlyCount "67"]
[EventDate "2005.06.19"]
[EventType "tourn (corr)"]
[EventRounds "8"]
[SourceTitle "Corr 2008"]
[Source "ChessBase"]
[SourceDate "2008.06.24"]
[SourceVersion "1"]
[SourceVersionDate "2008.06.24"]
[SourceQuality "1"]

1. d4 d5 2. e4 dxe4 3. Nc3 Nf6 4. f3 e6 5. fxe4 Bb4 6. Bg5 h6 7. Bxf6 Qxf6 8. Nf3 e5 9. Bb5+ c6 10. 0-0 exd4 11. Nd5 Qd6 12. Nxb4 Qxb4 13. Be2 c5 14. Ne5 Be6 15. c3 Qb6 16. Nc4 Qc7 17. cxd4 cxd4 18. Qxd4 0-0 19. Qd6 Rc8 20. Rac1 Nd7 21. Qd4 Nf6 22. Nd6 Qxc1 23. Rxc1 Rxc1+ 24. Kf2 Bxa2 25. e5 Nd7 26. b3 Rc2 27. Qd3 Rc7 28. Qd1 a6 29. Nxf7 Rf8 30. e6 Nf6 31. Kg1 Rfc8 32. Nd6 Rd8 33. Bc4 Bxb3 34. e7+ 1-0

[Event "IECG TE.2005.P.01902"]
[Site "IECG email"]
[Date "2005.06.19"]
[Round "?"]
[White "Jonovic, Pavle"]
[Black "Bartsch, Andreas"]
[Result "0-1"]
[WhiteElo "1773"]
[BlackElo "2054"]
[PlyCount "42"]
[EventDate "2005.06.19"]
[EventType "tourn (corr)"]
[EventRounds "8"]
[SourceTitle "Corr 2008"]
[Source "ChessBase"]
[SourceDate "2008.06.24"]
[SourceVersion "1"]
[SourceVersionDate "2008.06.24"]
[SourceQuality "1"]

1. d4 d5 2. e4 dxe4 3. Nf3 exf3 4. gxf3 Bf5 5. Bd3 Bxd3 6. Qxd3 e6 7. c3 c5 8. Qb5+ Qd7 9. Qxd7+ Nxd7 10. Be3 cxd4 11. Bxd4 Nh6 12. Nd2 Nf5 13. Be3 b5 14. a3 Bc5 15. Ke2 a5 16. a4 b4 17. Ne4 Be7 18. Rac1 bxc3 19. Rxc3 Nf6 20. Rhc1 0-0 21. Ng3 Nd5 0-1

[Event "IECG TE.2005.P.01902"]
[Site "IECG email"]
[Date "2005.06.19"]
[Round "?"]
[White "Jonovic, Pavle"]
[Black "Geiger, Walter"]
[Result "0-1"]
[WhiteElo "1773"]
[BlackElo "2067"]
[PlyCount "36"]
[EventDate "2005.06.19"]
[EventType "tourn (corr)"]
[EventRounds "8"]
[SourceTitle "Corr 2008"]
[Source "ChessBase"]
[SourceDate "2008.06.24"]
[SourceVersion "1"]
[SourceVersionDate "2008.06.24"]
[SourceQuality "1"]

1. d4 d5 2. e4 dxe4 3. Bc4 Nc6 4. c3 Nf6 5. Ne2 e5 6. d5 Na5 7. Qa4+ c6 8. dxc6 bxc6 9. Ng3 Nxc4 10. Qxc6+ Qd7 11. Qxc4 a5 12. Nxe4 Ba6 13. Nxf6+ gxf6 14. Qh4 0-0-0 15. Nd2 Rg8 16. Rg1 f5 17. Qh3 Rg6 18. Qf3 e4 0-1

[Event "IECG TE.2005.P.01902"]
[Site "IECG email"]
[Date "2005.06.19"]
[Round "?"]
[White "Jonovic, Pavle"]
[Black "Recio Chicharro, Luis"]
[Result "1-0"]
[WhiteElo "1773"]
[BlackElo "1463"]
[PlyCount "45"]
[EventDate "2005.06.19"]
[EventType "tourn (corr)"]
[EventRounds "8"]
[SourceTitle "Corr 2008"]
[Source "ChessBase"]
[SourceDate "2008.06.24"]
[SourceVersion "1"]
[SourceVersionDate "2008.06.24"]
[SourceQuality "1"]

1. d4 d5 2. e4 dxe4 3. Bc4 Nf6 4. Ne2 e6 5. Bg5 Nbd7 6. Nbc3 Be7 7. 0-0 h6 8. Bxf6 Nxf6 9. Ng3 0-0 10. Ncxe4 b6 11. Nxf6+ Bxf6 12. c3 Bb7 13. Qg4 Bd5 14. Bxd5 Qxd5 15. f4 Kh7 16. Nh5 Rg8 17. Rad1 Be7 18. f5 e5 19. c4 Qxc4 20. f6 gxf6 21. Qe4+ Kh8 22. Nxf6 Rg6 23. Qxa8+ 1-0

[Event "IECG TE.2005.P.01902"]
[Site "IECG email"]
[Date "2005.06.19"]
[Round "?"]
[White "Jonovic, Pavle"]
[Black "Soggiorno, Lucas"]
[Result "1-0"]
[WhiteElo "1773"]
[BlackElo "932"]
[PlyCount "85"]
[EventDate "2005.06.19"]
[EventType "tourn (corr)"]
[EventRounds "8"]
[SourceTitle "Corr 2008"]
[Source "ChessBase"]
[SourceDate "2008.06.24"]
[SourceVersion "1"]
[SourceVersionDate "2008.06.24"]
[SourceQuality "1"]

1. d4 d5 2. e4 dxe4 3. Bc4 Nf6 4. Nc3 Nc6 5. Bb5 Bg4 6. f3 exf3 7. Nxf3 Qd6 8. d5 a6 9. dxc6 Qxd1+ 10. Kxd1 axb5 11. cxb7 Rb8 12. Nxb5 Rxb7 13. a4 e6 14. Rf1 Bc5 15. b3 0-0 16. Ba3 Rd8+ 17. Ke1 Bxa3 18. Nxa3 Bf5 19. Rd1 Rbb8 20. Ne5 Rxd1+ 21. Kxd1 Ng4 22. Nxg4 Bxg4+ 23. Kd2 e5 24. Nc4 Rd8+ 25. Kc3 f6 26. Rf2 Be6 27. a5 Ra8 28. b4 e4 29. Ne3 c5 30. Rf4 cxb4+ 31. Kxb4 Rb8+ 32. Kc5 Ra8 33. Kb6 Rb8+ 34. Kc7 Rb4 35. a6 Ra4 36. Kb6 f5 37. a7 g6 38. g4 g5 39. Rxf5 Bxf5 40. gxf5 Kf7 41. Nc4 e3 42. Nxe3 Kf6 43. c4 1-0

[Event "IECG TE.2004.P.01613 email"]
[Site "IECG email"]
[Date "2004.09.22"]
[Round "?"]
[White "Jonovic, Pavle"]
[Black "Ferrero, Leandro"]
[Result "1-0"]
[WhiteElo "1500"]
[BlackElo "1233"]
[PlyCount "45"]
[EventDate "2004.09.22"]
[EventType "tourn (corr)"]
[EventRounds "8"]
[SourceTitle "Corr 2008"]
[Source "ChessBase"]
[SourceDate "2008.06.24"]
[SourceVersion "1"]
[SourceVersionDate "2008.06.24"]
[SourceQuality "1"]

1. e4 c6 2. d4 d5 3. e5 Bf5 4. Nf3 e6 5. c3 Nd7 6. Bd3 Bxd3 7. Qxd3 c5 8. 0-0 cxd4 9. cxd4 Ne7 10. a3 Ng6 11. Be3 Be7 12. Nc3 0-0 13. Rfc1 Rc8 14. Rc2 f6 15. Rac1 Rc4 16. exf6 Bxf6 17. b3 Rc6 18. Ne2 Rxc2 19. Rxc2 Qa5 20. b4 Qb6 21. Ne5 Qd8 22. Nc4 Rf7 23. f3 1-0

[Event "IECC KO-3034"]
[Site "IECC email"]
[Date "2004.03.22"]
[Round "?"]
[White "Jonovic, Pavle"]
[Black "Newton, Hobart E"]
[Result "1-0"]
[WhiteElo "1791"]
[BlackElo "1892"]
[PlyCount "57"]
[EventDate "2003.??.??"]
[EventType "match (corr)"]
[EventRounds "2"]
[SourceTitle "Corr 2020"]
[Source "ChessBase"]
[SourceDate "2019.09.30"]
[SourceVersion "1"]
[SourceVersionDate "2019.09.30"]
[SourceQuality "1"]
[WhiteTeam "Australia"]
[BlackTeam "United States"]
[WhiteTeamCountry "AUS"]
[BlackTeamCountry "USA"]

1. e4 e5 2. Nf3 Nc6 3. Nc3 Nf6 4. Bb5 a6 5. Bxc6 dxc6 6. Nxe5 Bc5 7. Nf3 Bg4 8. d3 Nd7 9. h3 Bh5 10. g4 Bg6 11. Be3 Bxe3 12. fxe3 Qe7 13. Qe2 h5 14. 0-0-0 Ne5 15. Nxe5 Qxe5 16. Qf2 0-0-0 17. Qf4 Qc5 18. g5 h4 19. Rdf1 Qa5 20. Rhg1 Rh5 21. Rg4 Kb8 22. a3 Qb6 23. Qf2 Qc5 24. Kb1 Re8 25. Rfg1 Rhh8 26. Ne2 Bh5 27. Rf4 Qf8 28. Rf1 Qe7 29. Nd4 1-0

[Event "IECC KO-3034"]
[Site "IECC email"]
[Date "2004.03.22"]
[Round "?"]
[White "Newton, Hobart E"]
[Black "Jonovic, Pavle"]
[Result "1/2-1/2"]
[WhiteElo "1897"]
[BlackElo "1786"]
[PlyCount "73"]
[EventDate "2003.??.??"]
[EventType "match (corr)"]
[EventRounds "2"]
[SourceTitle "Corr 2020"]
[Source "ChessBase"]
[SourceDate "2019.09.30"]
[SourceVersion "1"]
[SourceVersionDate "2019.09.30"]
[SourceQuality "1"]
[WhiteTeam "United States"]
[BlackTeam "Australia"]
[WhiteTeamCountry "USA"]
[BlackTeamCountry "AUS"]

1. e4 c5 2. Nf3 d6 3. d4 cxd4 4. Nxd4 Nf6 5. Nc3 a6 6. Bc4 e6 7. 0-0 Nbd7 8. a4 Qc7 9. Ba2 Nc5 10. f3 Be7 11. Be3 Bd7 12. a5 0-0 13. Qd2 Rfc8 14. Rfd1 h6 15. Nde2 Bc6 16. Bf2 Ne8 17. Nd4 Bf6 18. b4 Nd7 19. Rab1 Nf8 20. Bb3 Bd7 21. Na4 Bxa4 22. Bxa4 Ng6 23. Ne2 Ne5 24. c3 Nc4 25. Qa2 g5 26. Bb3 Be5 27. Kh1 Nf6 28. Bd4 Bxd4 29. Rxd4 Ne5 30. Qd2 g4 31. Qxh6 Qe7 32. h3 Ne8 33. fxg4 Nc6 34. Rd2 Qf6 35. Qxf6 Nxf6 36. g5 Nxe4 37. Rc2 1/2-1/2

[Event "IECC KO-3034"]
[Site "IECC email"]
[Date "2003.11.20"]
[Round "?"]
[White "Maquinay, Jacques"]
[Black "Jonovic, Pavle"]
[Result "0-1"]
[WhiteElo "1617"]
[BlackElo "1783"]
[PlyCount "62"]
[EventDate "2003.??.??"]
[EventType "match (corr)"]
[EventRounds "2"]
[SourceTitle "Corr 2020"]
[Source "ChessBase"]
[SourceDate "2019.09.30"]
[SourceVersion "1"]
[SourceVersionDate "2019.09.30"]
[SourceQuality "1"]
[WhiteTeam "Belgium"]
[BlackTeam "Australia"]
[WhiteTeamCountry "BEL"]
[BlackTeamCountry "AUS"]

1. d4 Nf6 2. Nf3 d5 3. Bf4 e6 4. Nbd2 Be7 5. e3 Nbd7 6. Bd3 c5 7. c3 Nh5 8. Be5 c4 9. Bc2 0-0 10. 0-0 g6 11. h3 Nxe5 12. Nxe5 f6 13. Ng4 Bd7 14. Nh6+ Kh8 15. g4 Ng7 16. f4 Ne8 17. Qe1 Nd6 18. e4 Kg7 19. e5 Kxh6 20. exd6 Bxd6 21. Qh4+ Kg7 22. g5 Qe7 23. Rae1 fxg5 24. fxg5 Rxf1+ 25. Nxf1 Rf8 26. Ne3 Bf4 27. Ng2 Qxg5 28. Qxg5 Bxg5 29. h4 Bf4 30. Nxf4 Rxf4 31. h5 Rg4+ 0-1

[Event "IECG TE.2003.P.01205 email"]
[Site "IECG email"]
[Date "2003.08.18"]
[Round "?"]
[White "Jonovic, Pavle"]
[Black "Klawitter, Bernd"]
[Result "1-0"]
[WhiteElo "1500"]
[BlackElo "1348"]
[PlyCount "45"]
[EventDate "2003.08.18"]
[EventType "tourn (corr)"]
[EventRounds "12"]
[SourceTitle "Corr 2008"]
[Source "ChessBase"]
[SourceDate "2008.06.24"]
[SourceVersion "1"]
[SourceVersionDate "2008.06.24"]
[SourceQuality "1"]

1. e4 d5 2. exd5 Qxd5 3. Nc3 Qd6 4. d4 Nf6 5. Bd3 Bg4 6. f3 Bh5 7. Nge2 a6 8. Bf4 Qd7 9. d5 e6 10. dxe6 Qxe6 11. Bxc7 Nc6 12. 0-0 Bc5+ 13. Kh1 Qe7 14. Bg3 Bg6 15. Nf4 Kf8 16. Re1 Qd7 17. Ne4 Ba7 18. Nxf6 gxf6 19. Bxg6 Qxd1 20. Raxd1 hxg6 21. Rd7 b5 22. Rc7 Nd8 23. Nxg6+ 1-0

[Event "IECG TE.2003.P.01205 email"]
[Site "IECG email"]
[Date "2003.08.18"]
[Round "?"]
[White "Jonovic, Pavle"]
[Black "Wurm, Tamas"]
[Result "1-0"]
[WhiteElo "1500"]
[BlackElo "1371"]
[PlyCount "75"]
[EventDate "2003.08.18"]
[EventType "tourn (corr)"]
[EventRounds "12"]
[SourceTitle "Corr 2008"]
[Source "ChessBase"]
[SourceDate "2008.06.24"]
[SourceVersion "1"]
[SourceVersionDate "2008.06.24"]
[SourceQuality "1"]

1. e4 d5 2. exd5 Qxd5 3. Nc3 Qd6 4. d4 Nf6 5. Bd3 a6 6. Nge2 Nc6 7. Bf4 Qd8 8. 0-0 Bg4 9. f3 Bh5 10. Be4 Qd7 11. d5 Nxe4 12. Nxe4 Nd8 13. N2c3 e6 14. Qe2 Be7 15. Rad1 0-0 16. dxe6 Qxe6 17. Bxc7 Rc8 18. Bd6 Nc6 19. Qf2 Rfd8 20. Nc5 Qg6 21. Bxe7 Nxe7 22. Rxd8+ Rxd8 23. Re1 Nc6 24. g4 f5 25. Re6 Qg5 26. Nxb7 Rd2 27. Qe1 h6 28. Rxc6 Qf4 29. Qe6+ Kh7 30. Qxf5+ Qxf5 31. gxf5 Bxf3 32. Rc7 Kg8 33. Nc5 Rxc2 34. Ne6 Rg2+ 35. Kf1 Rxb2 36. Rxg7+ Kh8 37. f6 Rb8 38. Nf4 1-0

[Event "IECG TE.2003.P.01205 email"]
[Site "IECG email"]
[Date "2003.08.18"]
[Round "?"]
[White "Wurm, Tamas"]
[Black "Jonovic, Pavle"]
[Result "0-1"]
[WhiteElo "1371"]
[BlackElo "1500"]
[PlyCount "54"]
[EventDate "2003.08.18"]
[EventType "tourn (corr)"]
[EventRounds "12"]
[SourceTitle "Corr 2008"]
[Source "ChessBase"]
[SourceDate "2008.06.24"]
[SourceVersion "1"]
[SourceVersionDate "2008.06.24"]
[SourceQuality "1"]

1. e4 d5 2. exd5 Qxd5 3. Nc3 Qd6 4. d4 Nf6 5. Nf3 Bf5 6. Nb5 Qb6 7. Bf4 Nd5 8. Bg3 a6 9. c4 axb5 10. cxd5 e6 11. a3 Qa5+ 12. b4 Bxb4+ 13. axb4 Qxa1 14. Bxb5+ c6 15. dxc6 bxc6 16. Be2 Bc2 17. Qxa1 Rxa1+ 18. Kd2 Rxh1 19. Bxb8 Be4 20. Ke3 Bxf3 21. Bxf3 Kd7 22. Ba7 Rxh2 23. Kf4 Ra8 24. Bc5 Ra2 25. Kg3 Rh1 26. Be4 f5 27. Bf3 g5 0-1